| 000 | 01136cam a22002531i 4500 | ||
|---|---|---|---|
| 003 | SA-RiAUC | ||
| 005 | 20241205074940.0 | ||
| 008 | 241204s1977 su g 000 0 ara c | ||
| 040 |
_aJO-AmJU _bara _cSA-RiAUC _erda |
||
| 082 | 0 | 4 | _a250.9 |
| 090 |
_a250.9 _bح ج و |
||
| 100 | 1 |
_aالحجوي، محمد بن الحسن بن العربي، _d1874-1956 _eمؤلف. |
|
| 245 | 1 | 2 |
_aالفكر السامي في تاريخ الفقه الإسلامي / _cتأليف محمد بن الحسن بن العربي الحجوي ؛ خرج أحاديثه وعلق عليه عبد العزيز بن عبد الفتاح القاري. |
| 246 | 3 | 0 | _aتاريخ الفقه الإسلامي |
| 264 | 1 |
_aالمدينة المنورة : _bالمكتبة العلمية، _c1977 |
|
| 300 |
_a2 مجلد ؛ _c24 سم |
||
| 336 |
_aنص _btxt _2rdacontent _3كتاب |
||
| 337 |
_aبدون وسيط _bn _2rdamedia |
||
| 338 |
_aمجلد _bnc _2rdacarrier |
||
| 650 | 7 |
_aالفقه الإسلامي _xتاريخ _2aucsh |
|
| 650 | 7 |
_aالشريعة الإسلامية _xتاريخ _2aucsh |
|
| 942 |
_2ddc _cBOOK _n0 |
||
| 949 |
_aSA-JeALM _d241204 _uosman123 _n1 |
||
| 999 |
_c3044 _d3044 |
||